Current Members of the New York State Assembly by Picture - Statistics

General Stats
  • This quiz has been taken 4 times
  • The average score is 43 of 150
Answer Stats
Picture Hint Answer % Correct
New York 83 (D) Carl Heastie
75%
New York 120 (R) William A. Barclay
75%
New York 36 (D) Zohran Mamdani
75%
New York 115 (D) Billy Jones
50%
New York 43 (D) Brian Cunningham
50%
New York 123 (D) Donna Lupardo
50%
New York 19 (R) Ed Ra
50%
New York 26 (D) Edward Braunstein
50%
New York 65 (D) Grace Lee
50%
New York 81 (D) Jeffrey Dinowitz
50%
New York 21 (D) Judy Griffin
50%
New York 114 (R) Matt Simpson
50%
New York 6 (D) Philip Ramos
50%
New York 4 (D) Rebecca Kassay
50%
New York 40 (D) Ron Kim
50%
New York 27 (D) Sam Berger
50%
New York 10 (D) Steve Stern
50%
New York 32 (D) Vivian Cook
50%
New York 127 (D) Albert Stirpe
25%
New York 46 (R) Alec Brook-Krasny
25%
New York 73 (D) Alex Bores
25%
New York 29 (D) Alicia Hyndman
25%
New York 71 (D) Al Taylor
25%
New York 84 (D) Amanda Septimo
25%
New York 88 (D) Amy Paulin
25%
New York 133 (R) Andrea Bailey
25%
New York 28 (D) Andrew Hevesi
25%
New York 150 (R) Andrew Molitor
25%
New York 145 (R) Angelo Morinello
25%
New York 111 (D) Angelo Santabarbara
25%
New York 105 (R) Anil Beephan
25%
New York 125 (D) Anna Kelles
25%
New York 97 (D) Aron Wieder
25%
New York 101 (R) Brian Maher
25%
New York 130 (R) Brian Manktelow
25%
New York 122 (R) Brian Miller
25%
New York 113 (D) Carrie Woerner
25%
New York 39 (D) Catalina Cruz
25%
New York 79 (D) Chantel Jackson
25%
New York 61 (D) Charles Fall
25%
New York 13 (D) Charles Lavine
25%
New York 93 (D) Chris Burdick
25%
New York 99 (D) Chris Eachus
25%
New York 124 (R) Christopher Friend
25%
New York 102 (R) Christopher Tague
25%
New York 37 (D) Claire Valdez
25%
New York 33 (D) Clyde Vanel
25%
New York 141 (D) Crystal Peoples-Stokes
25%
New York 95 (D) Dana Levenberg
25%
New York 16 (R) Daniel Norber
25%
New York 147 (R) David DiPietro
25%
New York 14 (R) David McDonough
25%
New York 24 (D) David Weprin
25%
New York 66 (D) Deborah Glick
25%
New York 137 (D) Demond Meeks
25%
New York 106 (D) Didi Barrett
25%
New York 5 (R) Douglas Smith
25%
New York 68 (D) Eddie Gibbs
25%
New York 85 (D) Emerita Torres
25%
New York 50 (D) Emily Gallagher
25%
New York 20 (R) Eric Brown
25%
New York 54 (D) Erik Dilan
25%
New York 109 (D) Gabriella Romero
25%
New York 78 (D) George Alvarez
25%
New York 138 (D) Harry Bronson
25%
New York 74 (D) Harvey Epstein
25%
New York 59 (D) Jaime Williams
25%
New York 15 (R) Jake Blumencranz
25%
New York 7 (R) Jarett Gandolfo
25%
New York 131 (R) Jeff Gallahan
25%
New York 38 (D) Jenifer Rajkumar
25%
New York 135 (D) Jennifer Lunsford
25%
New York 34 (D) Jessica González-Rojas
25%
New York 89 (D) J. Gary Pretlow
25%
New York 52 (D) Jo Anne Simon
25%
New York 2 (R) Jodi Giglio
25%
New York 121 (R) Joe Angelino
25%
New York 3 (R) Joe DeStefano
25%
New York 148 (R) Joe Sempolinski
25%
New York 126 (R) John Lemondes
25%
New York 108 (D) John McDonald
25%
New York 17 (R) John Mikulin
25%
New York 80 (D) John Zaccaro
25%
New York 104 (D) Jonathan Jacobson
25%
New York 149 (D) Jonathan Rivera
25%
New York 70 (D) Jordan Wright
25%
New York 134 (R) Josh Jensen
25%
New York 41 (D) Kalman Yeger
25%
New York 146 (D) Karen McMahon
25%
New York 87 (D) Karines Reyes
25%
New York 98 (R) Karl Brabenec
25%
New York 12 (R) Keith Brown
25%
New York 117 (R) Ken Blankenbush
25%
New York 31 (D) Khaleel Anderson
25%
New York 11 (D) Kwani O'Pharrow
25%
New York 77 (D) Landon Dais
25%
New York 35 (D) Larinda Hooks
25%
New York 55 (D) Latrice Walker
25%
New York 49 (R) Lester Chang
25%
New York 67 (D) Linda Rosenthal
25%
New York 72 (D) Manny De Los Santos
25%
New York 51 (D) Marcela Mitaynes
25%
New York 119 (D) Marianne Buttenschon
25%
New York 53 (D) Maritza Davila
25%
New York 112 (R) Mary Beth Walsh
25%
New York 92 (D) MaryJane Shimsky
25%
New York 94 (R) Matt Slater
25%
New York 69 (D) Micah Lasher
25%
New York 82 (D) Michael Benedetto
25%
New York 9 (R) Michael Durso
25%
New York 8 (R) Michael Fitzpatrick
25%
New York 22 (D) Michaelle Solages
25%
New York 45 (R) Michael Novakhov
25%
New York 62 (R) Michael Reilly
25%
New York 64 (R) Michael Tannousis
25%
New York 58 (D) Monique Chandler-Waterman
25%
New York 90 (D) Nader Sayegh
25%
New York 60 (D) Nikki Lucas
25%
New York 25 (D) Nily Rozic
25%
New York 18 (D) Noah Burroughs
25%
New York 128 (D) Pamela Hunter
25%
New York 142 (D) Patrick Burke
25%
New York 96 (D) Patrick Carroll
25%
New York 143 (R) Patrick Chludzinski
25%
New York 100 (D) Paula Kay
25%
New York 144 (R) Paul Bologna
25%
New York 57 (D) Phara Souffrant Forrest
25%
New York 110 (D) Phillip Steck
25%
New York 132 (R) Phil Palmesano
25%
New York 76 (D) Rebecca Seawright
25%
New York 44 (D) Robert Carroll
25%
New York 118 (R) Robert Smullen
25%
New York 42 (D) Rodneyse Bichotte Hermelyn
25%
New York 63 (R) Sam Pirozzolo
25%
New York 103 (D) Sarahana Shrestha
25%
New York 136 (D) Sarah Clark
25%
New York 107 (R) Scott Bendett
25%
New York 116 (R) Scott Gray
25%
New York 48 (D) Simcha Eichenstein
25%
New York 23 (D) Stacey Pheffer Amato
25%
New York 56 (D) Stefani Zinerman
25%
New York 139 (R) Stephen Hawley
25%
New York 91 (D) Steven Otis
25%
New York 30 (D) Steven Raga
25%
New York 1 (D) Tommy Schiavoni
25%
New York 75 (D) Tony Simone
25%
New York 47 (D) William Colton
25%
New York 140 (D) William Conrad
25%
New York 129 (D) William Magnarelli
25%
New York 86 (D) Yudelka Tapia
25%
No matching quizzes found
Score Distribution
Percent of People with Each Score
Percentile by Number Answered
Your Score History
You have not taken this quiz